Plants as biomonitors: indicators for heavy metals in the terrestrial environment

Saved in:
Bibliografiske detaljer
Hovedforfatter: Markert, Bernd (autor)
Format: Bog
Sprog:engelsk
Udgivet: Weinheim VCH 1993
Fag:
Tags: Tilføj Tag
Ingen Tags, Vær først til at tagge denne postø!

MARC

LEADER 00000nam a2200000 a 4500
001 UCU1268
003 CL-VaPUC
008 960404e19930000GW |||||||||||||||||eng|d
082 0 4 |a 581.133  |b MAR  |2 21 
100 |a Markert, Bernd  |e autor  |9 356884 
245 1 0 |a Plants as biomonitors: indicators for heavy metals in the terrestrial environment 
300 |a 644 p 
942 |c BK 
945 |d 19960404 00:00:00  |a rbrito 
260 |a Weinheim  |b VCH  |c 1993 
650 0 |a Botánica  |9 264202 
650 0 |a Bioquímica vegetal  |9 264262 
650 0 |a Ecología vegetal   |9 264247 
650 0 |a Plantas  |9 264555 
650 0 |a Nutrición vegetal  |9 356885 
650 0 |a Recursos vegetales  |9 356886 
650 7 |a GEOBOTANICA  |2 CL-VaPUC  |9 356887 
583 |a last modification  |c 19960404 00:00:00  |k Rodrigo Vera 
999 |c 245942  |d 245940 
952 |0 0  |1 0  |4 0  |6 581_133000000000000_MAR_1993  |7 0  |8 A  |9 260578  |a BIBCUR  |b BIBCUR  |d 2019-11-19  |i 3189767  |o 581.133 MAR 1993  |p 3189767  |r 2025-04-22  |w 2019-11-19  |y BK  |k BCB